| 000 | 00894nam a22002655a 4500 | ||
|---|---|---|---|
| 005 | 20201128023941.0 | ||
| 008 | 161027t2015 njua frb 001 0 eng d | ||
| 020 | _a9781118943977 | ||
| 040 |
_aEG-ScBUE _beng _cEG-ScBUE _dEG-ScBUE |
||
| 082 | 0 | 4 |
_222 _a332.632220151922 _bJAV |
| 100 | 1 | _aJavaheri, Alireza. | |
| 245 | 1 | 0 |
_aInside volatility filtering : _bthe secrets of skew / _cAlireza Javaheri. |
| 250 | _a2nd ed. | ||
| 260 |
_aHoboken : _bJohn Wily & Sons, _cc.2015. |
||
| 300 |
_axxiv, 294 p. : _bill. ; _c24 cm. |
||
| 490 | 0 | _aWiley Finance Series | |
| 500 | _aIndex : p. 279-294. | ||
| 504 | _aIncludes bibliographical references. | ||
| 590 | _aSuzan Ashmawy revised by Rahma Essa. | ||
| 650 | 7 |
_2BUEsh _aStochastic processes. _92923 |
|
| 650 | 7 |
_2BUEsh _aStocks. _xPrices. _xMathematical models. |
|
| 651 | _2BUEsh | ||
| 653 |
_bBUSECO _cOctober2016 _cNovember2016 |
||
| 942 | _2ddc | ||
| 999 |
_c22872 _d22844 |
||